Science Quiz

Random Science or Elements Quiz
Score 0/23 Timer 04:00
1 Play Today
Letter Element % Correct
XXenon
75.6%
BBarium
70.2%
UUranium
69.9%
ZZinc
69.8%
CCadmium
64.4%
VVanadium
58.6%
MMagnesium
57.5%
RRadium
54.7%
EEinsteinium
54%
KKrypton
53.8%
YYtterbium
52.5%
IIndium
45.6%
Letter Element % Correct
HHafnium
45%
LLanthanum
44.3%
PPalladium
43.9%
AActinium
43.4%
OOganesson
41.1%
TTantalum
37.3%
GGadolinium
34.8%
DDarmstadtium
31.6%
FFermium
30.9%
SSamarium
27.7%
NNeodymium
22.7%

You're not logged in!

Compare scores with friends on all Sporcle quizzes.
OR
Log In

Sporcle TV

Today on Sporcle TV


Watch our educational content, quiz creation guides, and fun videos on Sporcle TV.

Show Comments

Extras

Top Quizzes Today


Score Distribution

Paid Content

Your Account Isn't Verified!

In order to create a playlist on Sporcle, you need to verify the email address you used during registration. Go to your Sporcle Settings to finish the process.

Report this User

Report this user for behavior that violates our Community Guidelines.

Details: